| 000 -LEADER |
| fixed length control field |
01297nam a22003137a 4500 |
| 008 - FIXED-LENGTH DATA ELEMENTS--GENERAL INFORMATION |
| fixed length control field |
250529b xxu||||| |||| 00| 0 eng d |
| 040 ## - CATALOGING SOURCE |
| Original cataloging agency |
Cagayan State University |
| 082 ## - DEWEY DECIMAL CLASSIFICATION NUMBER |
| Classification number |
791.4372 |
| Item number |
B6488 2024 |
| 245 ## - TITLE STATEMENT |
| Title |
Blink Twice 2024 / directed by Zoë Kravitz ; written by E.T. Feigenbaum, Zoë Kravitz ; produced by Vania Schlogel [and eight others], |
| 260 ## - PUBLICATION, DISTRIBUTION, ETC. (IMPRINT) |
| Place of publication, distribution, etc |
United States ; |
| Name of publisher, distributor, etc |
Amazon MGM Studios, |
| -- |
Warner Bros. Pictures, |
| Date of publication, distribution, etc |
2024. |
| 300 ## - PHYSICAL DESCRIPTION |
| Extent |
1 videofile, (ca. 102 mins,) ; |
| Other physical details |
sound, color. |
| 520 ## - SUMMARY, ETC. |
| Summary, etc |
When tech billionaire Slater King meets cocktail waitress Frida at his fundraising gala, he invites her to join him and his friends on a dream vacation on his private island. As strange things start to happen, Frida questions her reality. |
| 546 ## - LANGUAGE NOTE |
| Language note |
English |
| 650 ## - SUBJECT ADDED ENTRY--TOPICAL TERM |
| Topical term or geographic name as entry element |
Mystery |
| 650 ## - SUBJECT ADDED ENTRY--TOPICAL TERM |
| Topical term or geographic name as entry element |
Horror |
| 650 ## - SUBJECT ADDED ENTRY--TOPICAL TERM |
| Topical term or geographic name as entry element |
Thriller |
| 700 ## - ADDED ENTRY--PERSONAL NAME |
| Personal name |
Ackie, Naomi star. |
| 700 ## - ADDED ENTRY--PERSONAL NAME |
| Personal name |
Tatum, Channing star. |
| 700 ## - ADDED ENTRY--PERSONAL NAME |
| Personal name |
Slater, Christian star. |
| 700 ## - ADDED ENTRY--PERSONAL NAME |
| Personal name |
Rex, Simon star. |
| 700 ## - ADDED ENTRY--PERSONAL NAME |
| Personal name |
Arjona, Adria star. |
| 700 ## - ADDED ENTRY--PERSONAL NAME |
| Personal name |
MacLachlan, Kyle star. |
| 700 ## - ADDED ENTRY--PERSONAL NAME |
| Personal name |
Osment, Haley Joel star. |
| 700 ## - ADDED ENTRY--PERSONAL NAME |
| Personal name |
Davis, Geena star. |
| 700 ## - ADDED ENTRY--PERSONAL NAME |
| Personal name |
Shawkat, Alia star. |
| 700 ## - ADDED ENTRY--PERSONAL NAME |
| Personal name |
Schubert, Kathryn J. editor. |
| 700 ## - ADDED ENTRY--PERSONAL NAME |
| Personal name |
Newport-Berra, Adam cinematography. |
| 942 ## - ADDED ENTRY ELEMENTS (KOHA) |
| Source of classification or shelving scheme |
|
| Item type |
Audio-Visual Materials |